000 00464nam a22001451i 4500
001 183806
003 ES-MaACL
005 20230906221956.0
008 141017s1889 sp |||| | spa d
245 0 3 _aLa justicia histórica y la política que pica en la historia.
260 _aGracia :
_b[s.n.],
_c1889 (
_fImp. de José Miquel)
300 _a67 p. ;
_c21 cm.
650 4 _aAdmnistración de justicia-
_zEspaña-
_yS.XIX.
_9146887
852 _aES-MaACL
_jT-546-F-3
999 _c183806
_d183806